Proceeding of first national congerence on condition monitoring and diagnostics, cmd 2001 (Record no. 572745)

000 -LEADER
fixed length control field 00547nam a22001817a 4500
003 - CONTROL NUMBER IDENTIFIER
control field CEME
005 - DATE AND TIME OF LATEST TRANSACTION
control field 20210628203229.0
008 - FIXED-LENGTH DATA ELEMENTS--GENERAL INFORMATION
fixed length control field 210302b xxu||||| |||| 00| 0 eng d
020 ## - INTERNATIONAL STANDARD BOOK NUMBER
International Standard Book Number 969-8122-13-3
040 ## - CATALOGING SOURCE
Transcribing agency .
082 ## - DEWEY DECIMAL CLASSIFICATION NUMBER
Classification number 620.3 PRO
100 ## - MAIN ENTRY--PERSONAL NAME
Personal name Dr M Khalid Khan Ghauri, Ovias Mahfooz
9 (RLIN) 64140
245 ## - TITLE STATEMENT
Title Proceeding of first national congerence on condition monitoring and diagnostics, cmd 2001
260 ## - PUBLICATION, DISTRIBUTION, ETC.
Place of publication, distribution, etc. KAHUTA(PK)
Name of publisher, distributor, etc. DR. A. Q. KHAN RESEARCH LABORATORIES
Date of publication, distribution, etc. 2001
300 ## - PHYSICAL DESCRIPTION
Extent 433P
650 ## - SUBJECT ADDED ENTRY--TOPICAL TERM
Topical term or geographic name entry element CMD 2001
9 (RLIN) 64141
942 ## - ADDED ENTRY ELEMENTS (KOHA)
Koha item type Book
Source of classification or shelving scheme
Holdings
Withdrawn status Lost status Damaged status Not for loan Permanent Location Current Location Shelving location Date acquired Total Checkouts Full call number Barcode Date last seen Price effective from Koha item type
        College of Electrical & Mechanical Engineering (CEME) College of Electrical & Mechanical Engineering (CEME) General Stacks 07/26/2017   620.3 PRO CEME-36757 06/28/2021 06/28/2021 Book
© 2023 Central Library, National University of Sciences and Technology. All Rights Reserved.